MARC details
| 000 -LÍDER |
| campo de controle de tamanho fixo |
01244 a2200241 4500 |
| 001 - NÚMERO DE CONTROLE |
| campo de controle |
111185 |
| 020 ## - ISBN - INTERNATIONAL STANDARD BOOK NUMBER |
| ISBN - International Standard Book Number |
9788539503070 |
| 020 ## - ISBN - INTERNATIONAL STANDARD BOOK NUMBER |
| Informação qualificadora |
(broch.) |
| 041 ## - CÓDIGO DE IDIOMA |
| Código do idioma do texto/trilha sonora ou título diferente |
por |
| 082 ## - CDD - CLASSIFICAÇÃO DECIMAL DE DEWEY |
| Número de Classificação |
028.5 |
| 040 ## - FONTE DA CATALOGAÇÃO |
| Instituição da catalogação original |
BR-BrIDEA |
| Instituição que transcreveu o registro |
BR-BrIDEA |
| 090 ## - NÚMERO DE CHAMADA LOCAL |
| Número de chamada (OCLC) (R); Número de chamada, CALL (RLIN) (NR) |
P Year 4 028 |
| Número Cutter local (OCLC); Número de classificação do livro, CALL (RLIN) |
GAR |
| 100 ## - ENTRADA PRINCIPAL--NOME PESSOAL |
| Nome pessoal |
Garlando, Luigi. |
| 240 10 - TÍTULO UNIFORME |
| Título uniforme |
Título original: Gol 3: Inizia il campeonato |
| 245 10 - TÍTULO |
| Título |
Gol! 3 |
| Restante do título |
Começa o campeonato |
| Indicação de responsabilidade, etc. |
Luigi Garlando; ilustrações Stefano Turconi |
| 260 ## - PUBLICAÇÃO, DISTRIBUIÇÃO, ETC. |
| Local de publicação, distribuição, etc. |
São Paulo |
| Nome do editor, distribuidor, etc. |
Fundamento Educacional |
| Data da publicação, distribuição, etc. |
2012 |
| 300 ## - DESCRIÇÃO FÍSICA |
| Extensão |
147p. |
| 520 ## - NOTA DE RESUMO, ETC |
| Resumo, etc. |
O técnico Gaston Champignon sempre diz que os Cebolinhas devem jogar para se divertir! Mas, para disputar seu primeiro campeonato oficial, Tomi, Dante, João, Becan, Lara, Sara, Alfinete e Ciro sabem que terão que treinar muito se quiserem fazer bonito no torneio. Só que o talento e a união da equipe podem não ser suficientes para garantir a liderança. Essa galera vai ter que superar as provocações dos rivais, o mau tempo, um surto de catapora e até uma desistência! Será que os Cebolinhas estão preparados para tantas emoções? Não perca as surpresas desta história incrível! |
| 521 ## - NOTA DO PÚBLICO ALVO |
| Nota de público alvo |
Year 4 |
| 697 ## - ENTRADA DE ASSUNTO LOCAL--ENTIDADE COLETIVA (RLIN) |
| Nome corporativo ou nome da jurisdição |
Literatura infantojuvenil. |
| 856 ## - LOCALIZAÇÃO ELETRÔNICA E ACESSO |
| Uniform Resource Identifier |
<a href="00001c/00001ccf.jpg">00001c/00001ccf.jpg</a> |
| 942 ## - ELEMENTOS DE ENTRADA ADICIONADOS (KOHA) |
| Tipo de material Koha |
Livros |